| 000 | 00726nam a2200241 a 4500 | ||
|---|---|---|---|
| 001 | 31 | ||
| 003 | BD-RjUL | ||
| 005 | 20211208233109.0 | ||
| 008 | 160827s1972 enka 001 0 eng d | ||
| 020 | _a0710072643 | ||
| 035 | _a(BD-RjUL)33 | ||
| 040 |
_aDLC _cDLC _dBD-RjUL _beng |
||
| 041 | _aeng | ||
| 082 | 0 | 0 |
_a149.94 _223 _bBOW 1972 |
| 100 | 1 |
_aBogen, James _9103 |
|
| 245 | 1 | 0 |
_aWittgenstein's philosophy of language : _bsome aspects of its development / _cJames Bogen |
| 260 |
_aLondon ; _bRoutledge and K. Paul, _cc1972. |
||
| 300 |
_axi, 244 p. ; _c22 cm. |
||
| 490 | _aInternational library of philosophy and scientific method | ||
| 500 | _aindex | ||
| 650 | 0 |
_aLanguage and languages _xPhilosophy. _9105 |
|
| 942 |
_2ddc _cBK |
||
| 999 |
_c31 _d31 |
||